Study Guide Excellence in Business Communication /

Gespeichert in:
Bibliographische Detailangaben
Hauptverfasser: Thill, John V (Verfasst von), Bovée, Courtland L (Verfasst von)
Format: Buch
Sprache:Englisch
Veröffentlicht: New York : McGraw-Hill, 1991
Tags: Tag hinzufügen
Keine Tags, Fügen Sie das erste Tag hinzu!

MARC

LEADER 00000nam a22000003a 4500
001 stu22367
005 20150617225751.5
008 940310s1991----xxu-----------------eng-d
020 |a 0-07-006811-9 
040 |a STU  |b slo 
041 0 |a eng 
044 |a xxu 
080 |a 338.242 
100 1 |a Thill, John V  |4 aut 
245 1 |a Study Guide Excellence in Business Communication /  |c [aut.]Thill,John V., Bovée,Courtland L 
260 |a New York :  |b McGraw-Hill,  |c 1991 
300 |a 230 s 
700 1 |a Bovée, Courtland L  |4 aut 
996 |b C92821  |c C*92821  |l CCXIV  |s P  |a 0  |w stu22367_0001